Statistiche per Paesi del Mondo con una mappa vuota

Clicka qui per fare il quiz!

Statistiche generali

  • Questo quiz è stato fatto 7.143 volte
    (5.911 dall'ultimo reset)
  • Il punteggio medio è 155 su 196

Risposte nella Mappa

Le risposte nella mappa del quiz sottostante sono codificate secondo una scala di colori dal rosso al verde in base alla % di persone che hanno risposto correttamente.
Caricamento ...
 

Statistiche sulle risposte

Paese% Corretto
Italia
98%
Stati Uniti
96%
Canada
96%
Francia
96%
Russia
96%
Germania
95%
Argentina
95%
Cina
95%
Spagna
94%
Messico
94%
Svizzera
94%
Brasile
94%
Austria
94%
Australia
94%
Polonia
93%
India
93%
Svezia
92%
Portogallo
92%
Romania
92%
Finlandia
92%
Grecia
92%
Marocco
92%
Egitto
92%
Turchia
91%
Cile
91%
Sudafrica
91%
Giappone
91%
Algeria
91%
Norvegia
91%
Repubblica del Congo
90%
Regno Unito
90%
Croazia
90%
Libia
90%
Slovenia
90%
Colombia
90%
Perù
90%
Mongolia
90%
Repubblica Democratica
del Congo
90%
Iran
89%
Bielorussia
89%
Bolivia
89%
Ucraina
89%
Albania
89%
Paraguay
89%
Estonia
89%
Iraq
89%
Arabia Saudita
88%
Slovacchia
88%
Venezuela
88%
Danimarca
88%
Repubblica Ceca
88%
Cuba
88%
Lituania
88%
Uruguay
88%
Lettonia
87%
Tunisia
87%
Ungheria
87%
Pakistan
87%
Irlanda
87%
Bulgaria
87%
Lussemburgo
87%
Belgio
87%
Serbia
87%
Niger
87%
Nuova Zelanda
86%
Paesi Bassi
86%
Kazakistan
86%
Indonesia
86%
Macedonia del Nord
86%
Panama
86%
Bosnia
ed Erzegovina
86%
Afghanistan
85%
Sudan
85%
Montenegro
85%
Etiopia
85%
Andorra
84%
Nigeria
84%
Corea del Sud
84%
San Marino
84%
Islanda
84%
Corea del Nord
84%
Madagascar
83%
Città del Vaticano
83%
Moldavia
83%
Israele
83%
Ecuador
83%
Kosovo
83%
Siria
82%
Malta
82%
Nepal
82%
Kenya
82%
Eritrea
81%
Vietnam
81%
Uzbekistan
81%
Somalia
81%
Cipro
80%
Mali
80%
Thailandia
80%
Yemen
79%
Armenia
79%
Oman
79%
Guinea
79%
Georgia
79%
Turkmenistan
78%
Angola
78%
Ciad
78%
Libano
78%
Filippine
78%
Laos
78%
Honduras
78%
Bangladesh
77%
Haiti
77%
Azerbaijan
77%
Senegal
77%
Tanzania
76%
Ghana
76%
Costa d'Avorio
76%
Costa Rica
76%
Cambogia
76%
Guatemala
76%
Sri Lanka
76%
Birmania
75%
Monaco
75%
Guyana
75%
Nicaragua
75%
Emirati Arabi Uniti
75%
Giordania
75%
Papua Nuova Guinea
75%
Sud Sudan
75%
Togo
74%
Suriname
74%
Zambia
74%
Zimbabwe
74%
Namibia
74%
Lesotho
74%
Mauritania
74%
Liechtenstein
74%
Uganda
73%
Camerun
73%
Bhutan
73%
Malesia
73%
Belize
72%
El Salvador
72%
Botswana
72%
Tagikistan
72%
Qatar
72%
Mozambico
72%
Maldive
71%
Giamaica
71%
Burundi
71%
Repubblica Dominicana
71%
Taiwan
70%
Liberia
70%
Burkina Faso
70%
Repubblica Centrafricana
70%
Benin
69%
Bahamas
69%
Malawi
69%
Figi
69%
Ruanda
69%
Singapore
69%
Kirghizistan
68%
Gambia
68%
Guinea-Bissau
68%
Swaziland
67%
Capo Verde
66%
Guinea Equatoriale
66%
Sierra Leone
66%
Gabon
66%
Trinidad e Tobago
65%
Stati Federati di
Micronesia
65%
Kuwait
65%
Mauritius
65%
Seychelles
64%
Gibuti
64%
Brunei
63%
Barbados
63%
Bahrain
62%
Dominica
62%
Santa Lucia
61%
Isole Marshall
61%
Palau
60%
Isole Salomone
60%
Comoros
59%
Saint Kitts e Nevis
59%
Tonga
59%
Tuvalu
59%
Kiribati
59%
Samoa
59%
Sao Tome e Principe
58%
Antigua e Barbuda
58%
Timor Est
57%
Vanuatu
57%
Saint Vincent e
Grenadine
55%
Grenada
55%
Nauru
55%

Distribuzione punteggi

Percentile per numero di risposta

Percentuale di utenti per punteggio

I tuoi punteggi nel tempo

Non hai fatto questo quiz dall'ultimo reset